En el tercer centenario de "Política indiana" de Juan de Solórzano Pereira /

Descripción de la obra titulada "Política indiana" escrita por Juan de Solórzano Pereira (1575-1655) en donde explica la organización política americana.

Gespeichert in:
Bibliographische Detailangaben
1. Verfasser: Levene, Ricardo (autor)
Format: Buch
Sprache:Spanisch
Schlagworte:
Tags: Tag hinzufügen
Keine Tags, Fügen Sie das erste Tag hinzu!

MARC

LEADER 00000nam^a2200000^a^4500
001 000136176
005 20250521000000.0
009 20260310095308.503
037 |a Acervo ITESO - Biblioteca 
041 |a ESP 
082 |a 980. 013  |b LEV 
100 |a Levene, Ricardo  |e (autor) 
245 1 0 |a En el tercer centenario de "Política indiana" de Juan de Solórzano Pereira /  |c R. Levene. 
264 |a Buenos Aires, Argentina :  |b EUDEBA, Facultad de Derecho y Ciencias Sociales,  |c 1948 
300 |a 45 p. 
336 |a texto  |b txt  |2 rdacontenido 
337 |a sin mediación  |b n  |2 rdamedio 
338 |a volumen  |b nc  |2 rdasoporte 
520 |a Descripción de la obra titulada "Política indiana" escrita por Juan de Solórzano Pereira (1575-1655) en donde explica la organización política americana. 
649 |a XX 
650 |a Políticos Españoles 
650 |a Organización Política -  |z América -  |x Historia -  |y Epoca Colonial 
650 |a Política -  |z América -  |x Historia -  |y Epoca Colonial 
650 |a América -  |x Historia -  |y Siglo XVII 
650 |a América -  |x Historia -  |y Epoca Colonial 
650 |a España -  |x Historia -  |y Siglo XVII 
650 |a España -  |x Historia -  |y Casa de Austria, 1516-1700 
650 |a Solórzano Pereira, Juan de 
910 |a Fondo Salvador Reynoso Reynoso 
920 |a Impresos - Libros 
930 |a Fondos Especiales 
905 |a 112 
901 |a 0800013434  |b IT2  |c ESP  |u 20250521 
902 |a https://opac.biblio.iteso.mx/vufind/Record/000136176